Rèn luyện và phát triển khả năng tư duy phân tích - tổng hợp thông qua dạy học giải toán về tỉ số phần trăm và chuyển động đều cho học sinh lớp 5

Phương pháp phân tích và tổng hợp trong dạy học giải toán. Phần giải toán trong chương trình toán lớp 5. Phần giải toán về tỉ số phần trăm và chuyển động đều trong chương trình toán lớp 5. Một số biện pháp để rèn luyện kĩ năng phân tích - tổng hợp thông qua dạy học giải toán về tỉ số phần trăm và ch...

Descripció completa

Guardat en:
Dades bibliogràfiques
Autor principal: Phạm Thị Vui
Altres autors: Phan Minh trung Th.S (Hướng dẫn)
Format: Llibre
Idioma:Vietnamese
Publicat: Đà Nẵng Đại học Sư phạm, Đại học Đà Nẵng 2012
Matèries:
Etiquetes: Afegir etiqueta
Sense etiquetes, Sigues el primer a etiquetar aquest registre!
Thư viện lưu trữ: Mạng thư viện Đại học Đà Nẵng
LEADER 02061nam a2200325 4500
001 000016828
003 13237
005 20130104100117.0
008 121228s2012 viesd
041 0 |a vie 
082 |a 372.7  |b PH-V 
100 1 |a Phạm Thị Vui 
245 0 |a Rèn luyện và phát triển khả năng tư duy phân tích - tổng hợp thông qua dạy học giải toán về tỉ số phần trăm và chuyển động đều cho học sinh lớp 5  |c Phạm Thị Vui 
260 |a Đà Nẵng  |b Đại học Sư phạm, Đại học Đà Nẵng  |c 2012 
300 |a 77 tr., phụ lục 20 tr.  |b Hình ảnh  |c 29 cm.  |e Đĩa CD, tài liệu tóm tắt 
500 |a Khóa luận tốt nghiệp đại học. Chuyên ngành: Sư phạm Tiểu học 
504 |a Mục lục đầu trang, tài liệu tham khảo tr. 73 - 74, phụ lục [13 tr.] 
520 |a Phương pháp phân tích và tổng hợp trong dạy học giải toán. Phần giải toán trong chương trình toán lớp 5. Phần giải toán về tỉ số phần trăm và chuyển động đều trong chương trình toán lớp 5. Một số biện pháp để rèn luyện kĩ năng phân tích - tổng hợp thông qua dạy học giải toán về tỉ số phần trăm và chuyển động đều cho học sinh lớp 5. Một số bài tập giải toán về tỉ số phần trăm và chuyển động đều để phát triển kĩ năng phân tích - tổng hợp cho học sinh lớp 5. 
653 |a Khoa Tiểu học Mầm Non 
700 |a Phan Minh trung  |c Th.S  |e Hướng dẫn 
OWN |a LSP 
AVA |a UDN50  |b LSP  |d 372.7 PH-V  |e available  |t Error 5001 Not defined in file expand_doc_bib_avail.  |f 1  |g 0  |h N  |i 0  |k 1 
999 |a From the UDN01 
AVA |a UDN50  |b LSP  |d 372.7 PH-V  |e available  |t Error 5001 Not defined in file expand_doc_bib_avail.  |f 1  |g 0  |h N  |i 0  |k 1 
TYP |a Monograph 
TYP |a Printed language 
980 |a Mạng thư viện Đại học Đà Nẵng